Most Polluted Countries in 2023 - Statistics

General Stats
  • This quiz has been taken 40 times
    24 since last reset
  • The average score is 5 of 10
Answer Stats
Rank Country % Correct
3 India
100%
2 Pakistan
95%
1 Bangladesh
86%
10 DR Congo
57%
8 Nepal
57%
6 Iraq
43%
9 Egypt
38%
7 UAE
33%
4 Tajikistan
10%
5 Burkina Faso
5%
No matching quizzes found
Score Distribution
Percent of People with Each Score
Percentile by Number Answered
Your Score History
You have not taken this quiz since the last reset